02201cam a2200325 i 450000100090000000300090000900500170001800800410003502000300007604000380010608200200014410000440016424501120020826400420032030000260036233600260038833700280041433800270044250400520046950505680052165100640108965300370115365500170119094200120120799900170121995201610123695201610139795201620155895201550172017472793EG-ScBUE20240407111931.0120924s2013 enk f b 001 0 eng d a9780415657587 (paperback) aDLCbengerdacDLCdDLCdEG-ScBUE04a953.05222bEHT1 aEhteshami, Anoushiravan,eauthor.9516710aDynamics of change in the Persian Gulf :bpolitical economy, war and revolution / cAnoushiravan Ehteshami. 1aOxon ;aNew York :bRoutledge,c2013. ax, 292 pages ;c24 cm 2rdacontentatextbtxt aunmediated2rdamediabn avolumebnc2rdacarrier aIncludes bibliographical references and index. 0 aGeopolitics of the Persian Gulf- The Persian Gulf from Cold War to the post-Cold War era-Regional balance of power and the Persian Gulf -Oil and the Persian Gulf economy-Globalization of the Persian Gulf-Asianization of the Persian Gulf-Revolution and regime change in the Persian Gulf-Political change in the Persian Gulf oil monarchies-Between boundary and frontier : Islam and Persian Gulf politics-Impact of inter-state conflict on Persian Gulf relations-The role of external powers in Persian Gulf security relations-Militarization and Persian Gulf security. 7aPersian Gulf StatesxPolitics and government.2BUEsh932246 bBUSBOLcOctober2014cOctober2015 vReading book 2ddccBB c18524d18496 00102ddc40708BaccahaMAINbMAINc2NDd2014-10-30epurchaseg220.00l3m7o953.05 EHTp000036887r2025-07-15 00:00:00s2019-10-08v275.00w2014-10-30yBB 00102ddc40708BaccahaMAINbMAINc2NDd2014-10-30epurchaseg220.00l2m4o953.05 EHTp000036888r2025-07-15 00:00:00s2015-11-25v275.00w2014-10-30yBB 00102ddc40708BaccahaMAINbMAINc2NDd2014-10-30epurchaseg220.00l5m13o953.05 EHTp000036889r2025-07-15 00:00:00s2017-03-08v275.00w2014-10-30yBB 00102ddc40708AlahramaMAINbMAINc2NDd2015-06-28ePurchaseg340.00h319l2m1o953.05 EHTp000039082r2025-07-15 00:00:00s2016-12-03v425.00yBB